00887nam a2200193 a 450000500170000000800410001702000180005805000230007624500480009926000350014730000170018244000380019950000200023752002680025765000110052565000240053699900190056095201140057920140412111311.0010326s19uu xx 00 eng d a0-7835-1300-3 aREF 170bC54Na v.1 aThe naughty mole :ba book about obedience. aAsia :bTime Life Asia,c1997. a28 p. ; ill. aA Child's First Library of Values aw/ casette tape aWithout telling his parents, Ben the mole sets out alone on an exciting adventures in the snow. But things soon start to go wrong when he gets lost and then falls into an icy pond. Ben's lucky escape makes him decide that he will listen to his parents in future. aValues aObedience - Fiction c104017d104017 001040aELbELcREFd2001-03-26eLib. Fundl0oREF 170 C54Na v.1pE6273r2014-04-12 00:00:00w2014-04-12yBK